| 000 | 00435nam a2200181Ia 4500 | ||
|---|---|---|---|
| 001 | 70838 | ||
| 008 | 160226s9999 xx 000 0 und d | ||
| 020 | _a978313112053 | ||
| 040 | _cPK-LaUMT | ||
| 082 |
_a 611 _bDAU-H |
||
| 100 | _aDauber, W. | ||
| 245 |
_aHuamn anatomy _cDauber, W. |
||
| 260 |
_aNew York,USA: _bTime Home Entertainment Inc., _c2006 |
||
| 300 | _a545 p. | ||
| 546 | _aEN | ||
| 650 | _aHuman anatomy | ||
| 942 | _cBK | ||
| 999 |
_c83278 _d83278 |
||